000 00711cam a22002533a 4500
001 27511
003 PGUSA
005 20140828083608.0
008 081212s2008||||xxu|||||s|||||000 1 eng d
040 _aPGUSA
_beng
042 _adc
050 4 _aPS
100 1 _aSullivan, Francis William,
_d1887-
245 1 4 _aThe Free Range
_h[electronic resource] /
_cFrancis William Sullivan
260 _bProject Gutenberg,
_c2008
506 _aPublic domain in the USA.
516 _aElectronic text
653 _aRanchers -- Fiction
653 _aWestern stories
700 1 _aDuer, Douglas,
_d1887-1964
830 0 _aProject Gutenberg
_v27511
856 4 0 _uhttp://www.gutenberg.org/ebooks/27511
942 _cEB
999 _c256766
_d256766